[Event "WLS-chB 68th"]
[Site "Cardiff"]
[Date "2024.03.30"]
[Round "4"]
[White "Probert, Malcolm"]
[Black "Beeston, Darson"]
[Result "1/2-1/2"]
[WhiteElo "1728"]
[BlackElo "1801"]
[PlyCount "33"]
[EventDate "2024.03.29"]
[EventType "swiss"]
[EventRounds "7"]
[EventCountry "WLS"]
[SourceTitle "CB14_2024"]
[SourceDate "2024.04.01"]
[SourceVersion "1"]
[SourceVersionDate "2024.04.01"]
[SourceQuality "1"]

1. Nf3 Nf6 2. g3 d5 3. d4 e6 4. Bg2 c5 5. c4 cxd4 6. 0-0 Nc6 7. cxd5 exd5 8. Nxd4 Bc5 9. Nb3 Bb6 10. Nc3 Be6 11. Bg5 d4 12. Ne4 Bd5 13. Nxf6+ gxf6 14. Bxd5 fxg5 15. Bg2 0-0 16. Rc1 Qf6 17. Qd2 1/2-1/2

[Event "South Wales op 18th"]
[Site "Bridgend"]
[Date "2023.07.10"]
[Round "6"]
[White "Probert, Malcolm"]
[Black "Harris, Calum"]
[Result "0-1"]
[WhiteElo "1541"]
[BlackElo "1805"]
[PlyCount "34"]
[EventDate "2023.07.07"]
[EventType "swiss"]
[EventRounds "9"]
[EventCountry "WLS"]
[SourceTitle "CBM 215 Extra"]
[Source "ChessBase"]
[SourceDate "2023.09.30"]
[SourceVersion "1"]
[SourceVersionDate "2023.09.30"]
[SourceQuality "1"]

1. Nf3 d5 2. d4 Nf6 3. g3 e6 4. Bg2 c5 5. c4 dxc4 6. Qa4+ Bd7 7. Qxc4 Bc6 8. 0-0 Nbd7 9. Qc2 cxd4 10. Nxd4 Bxg2 11. Kxg2 Bc5 12. Nb3 Rc8 13. Nxc5 Rxc5 14. Nc3 b5 15. Be3 Rc4 16. Qd3 Qc7 17. Nxb5 Qc6+ 0-1

[Event "South Wales op 18th"]
[Site "Bridgend"]
[Date "2023.07.08"]
[Round "3"]
[White "Robinson, David"]
[Black "Probert, Malcolm"]
[Result "1-0"]
[WhiteElo "1845"]
[BlackElo "1541"]
[PlyCount "81"]
[EventDate "2023.07.07"]
[EventType "swiss"]
[EventRounds "9"]
[EventCountry "WLS"]
[SourceTitle "CBM 215 Extra"]
[Source "ChessBase"]
[SourceDate "2023.09.30"]
[SourceVersion "1"]
[SourceVersionDate "2023.09.30"]
[SourceQuality "1"]

1. d4 d5 2. Nf3 Nf6 3. Bf4 g6 4. e3 Bg7 5. c4 c6 6. Nc3 0-0 7. h3 Be6 8. Ng5 Bc8 9. Be2 h6 10. Nf3 dxc4 11. Bxc4 b5 12. Bb3 Nbd7 13. 0-0 Bb7 14. Rc1 Rc8 15. Qe2 a6 16. Rfd1 Nb6 17. e4 e6 18. a3 Qe7 19. Qe3 Kh7 20. d5 Nc4 21. Bxc4 bxc4 22. d6 Qd8 23. Qc5 Nd7 24. Qxc4 e5 25. Be3 f5 26. exf5 gxf5 27. Bc5 e4 28. Nd4 Rf6 29. b4 Qe8 30. Nde2 Ne5 31. Qb3 Nf3+ 32. Kf1 Nh2+ 33. Ke1 Qh5 34. Nf4 Nf3+ 35. gxf3 Qxf3 36. Be3 Rd8 37. Kd2 Rfxd6+ 38. Kc2 Be5 39. Qf7+ Bg7 40. Rxd6 Rxd6 41. Qxb7 1-0

[Event "South Wales op 18th"]
[Site "Bridgend"]
[Date "2023.07.07"]
[Round "1"]
[White "Marusenko, Petr"]
[Black "Probert, Malcolm"]
[Result "1-0"]
[WhiteElo "2043"]
[BlackElo "1541"]
[PlyCount "69"]
[EventDate "2023.07.07"]
[EventType "swiss"]
[EventRounds "9"]
[EventCountry "WLS"]
[SourceTitle "CBM 215 Extra"]
[Source "ChessBase"]
[SourceDate "2023.09.30"]
[SourceVersion "1"]
[SourceVersionDate "2023.09.30"]
[SourceQuality "1"]

1. d4 d5 2. c4 c6 3. Nf3 Nf6 4. Nc3 g6 5. Bf4 Bg7 6. e3 0-0 7. h3 Nbd7 8. Be2 Re8 9. 0-0 dxc4 10. Bxc4 Nb6 11. Bb3 Nbd5 12. Bh2 e6 13. Qe2 a5 14. Rfd1 b5 15. Ne5 Nxc3 16. bxc3 Bb7 17. a4 Qb6 18. Rab1 Ba6 19. c4 b4 20. Qf3 c5 21. d5 exd5 22. cxd5 Bb7 23. e4 Rad8 24. Re1 Qa6 25. Rbc1 Qa7 26. Qe3 Nxd5 27. exd5 Bxd5 28. Bxd5 Rxd5 29. f4 Qe7 30. Qf2 Qc7 31. Rc4 Qe7 32. Bg3 Qd8 33. Rce4 Rd1 34. Qxc5 Rxe1+ 35. Rxe1 1-0

[Event "South Wales op 18th"]
[Site "Bridgend"]
[Date "2023.07.07"]
[Round "2"]
[White "Probert, Malcolm"]
[Black "James, Dai"]
[Result "1/2-1/2"]
[WhiteElo "1541"]
[BlackElo "1851"]
[PlyCount "116"]
[EventDate "2023.07.07"]
[EventType "swiss"]
[EventRounds "9"]
[EventCountry "WLS"]
[SourceTitle "CBM 215 Extra"]
[Source "ChessBase"]
[SourceDate "2023.09.30"]
[SourceVersion "1"]
[SourceVersionDate "2023.09.30"]
[SourceQuality "1"]

1. Nf3 f5 2. d4 Nf6 3. g3 g6 4. Bg2 Bg7 5. 0-0 0-0 6. Nbd2 d6 7. c3 c6 8. Re1 Ne4 9. Qb3+ e6 10. Nxe4 fxe4 11. Ng5 d5 12. f3 Qf6 13. Nh3 exf3 14. exf3 Qf5 15. Bf4 Nd7 16. Bd6 Re8 17. f4 h6 18. Nf2 Nb6 19. Bh3 Qf7 20. Nd3 Nc4 21. Ne5 Bxe5 22. Bxe5 g5 23. Re2 Qh5 24. Bf1 b6 25. Rae1 Ba6 26. Rg2 Nxe5 27. Rxe5 Bxf1 28. Kxf1 Qf3+ 29. Kg1 Kh8 30. Qc2 gxf4 31. Rf2 Qg4 32. Rxf4 Qg7 33. Qe2 Rf8 34. Rxf8+ Rxf8 35. Rxe6 c5 36. Re7 Rf7 37. Re8+ Kh7 38. Qd3+ Qg6 39. Qxg6+ Kxg6 40. dxc5 bxc5 41. Rd8 Rb7 42. b3 c4 43. b4 a5 44. a3 axb4 45. axb4 Ra7 46. Rxd5 Ra3 47. Rc5 Rxc3 48. b5 Rc2 49. b6 Rb2 50. Rxc4 Rxb6 51. Kg2 Rb2+ 52. Kh3 h5 53. Rc1 Kg5 54. Rg1 Ra2 55. Rg2 Rxg2 56. Kxg2 h4 57. Kf3 hxg3 58. hxg3 Kf5 1/2-1/2

[Event "WLS-chT U1850"]
[Site "Wales"]
[Date "2023.05.21"]
[Round "5"]
[White "Eustis, Ian"]
[Black "Probert, Malcolm"]
[Result "1/2-1/2"]
[WhiteElo "1838"]
[BlackElo "1518"]
[PlyCount "44"]
[EventDate "2023.02.19"]
[EventType "team-tourn"]
[EventRounds "5"]
[EventCountry "WLS"]
[SourceTitle "EXT 2024"]
[Source "ChessBase"]
[SourceDate "2023.10.10"]
[SourceVersion "1"]
[SourceVersionDate "2023.10.10"]
[SourceQuality "1"]
[WhiteTeam "Morriston Minors"]
[BlackTeam "White Knights II"]
[WhiteTeamCountry "WLS"]
[BlackTeamCountry "WLS"]

1. Nf3 d5 2. d4 Nf6 3. Bf4 c5 4. c3 cxd4 5. cxd4 Nc6 6. e3 g6 7. Nc3 a6 8. Bd3 Bg7 9. 0-0 Nd7 10. Nxd5 e5 11. Bg3 0-0 12. Bh4 f6 13. dxe5 Ndxe5 14. Be2 Be6 15. Nc3 Qb6 16. b3 Rfd8 17. Na4 Qb4 18. Qe1 Nxf3+ 19. Bxf3 Qxh4 20. Nc5 Bc8 21. Rd1 Rxd1 22. Qxd1 f5 1/2-1/2

[Event "Cardiff Welsh op"]
[Site "Cardiff"]
[Date "2023.04.08"]
[Round "3"]
[White "Chong, Kimberly"]
[Black "Probert, Malcolm"]
[Result "1-0"]
[WhiteElo "1682"]
[BlackElo "1564"]
[PlyCount "37"]
[EventDate "2023.04.07"]
[EventType "swiss"]
[EventRounds "7"]
[EventCountry "WLS"]
[SourceTitle "EXT 2024"]
[Source "ChessBase"]
[SourceDate "2023.10.10"]
[SourceVersion "1"]
[SourceVersionDate "2023.10.10"]
[SourceQuality "1"]

1. e4 d5 2. exd5 Qxd5 3. Nc3 Qd6 4. d4 g6 5. Nf3 Bg7 6. Ne4 Qb6 7. c3 Bf5 8. Ng3 Bg4 9. Bc4 Be6 10. d5 Bd7 11. Qc2 e6 12. Be3 Qd6 13. Ne4 Qe7 14. Bc5 Qd8 15. 0-0-0 Qc8 16. Neg5 h6 17. Nxf7 Kxf7 18. dxe6+ Bxe6 19. Bxe6+ 1-0

[Event "Cardiff Welsh op"]
[Site "Cardiff"]
[Date "2023.04.08"]
[Round "2"]
[White "Probert, Malcolm"]
[Black "Stuart, Neil"]
[Result "1/2-1/2"]
[WhiteElo "1564"]
[BlackElo "1746"]
[PlyCount "41"]
[EventDate "2023.04.07"]
[EventType "swiss"]
[EventRounds "7"]
[EventCountry "WLS"]
[SourceTitle "EXT 2024"]
[Source "ChessBase"]
[SourceDate "2023.10.10"]
[SourceVersion "1"]
[SourceVersionDate "2023.10.10"]
[SourceQuality "1"]

1. Nf3 Nf6 2. g3 d5 3. d4 Bf5 4. c4 e6 5. Qb3 b6 6. Nc3 c6 7. Nh4 Bg4 8. Bg2 Be7 9. h3 Bh5 10. 0-0 0-0 11. Nf3 Nbd7 12. cxd5 cxd5 13. Bf4 Ne8 14. e4 dxe4 15. Nxe4 Ndf6 16. Nxf6+ Nxf6 17. g4 Nd5 18. Bg3 Bg6 19. Ne5 Rc8 20. Nxg6 hxg6 21. Bxd5 1/2-1/2

[Event "WLS-ch Seniors"]
[Site "Cardiff"]
[Date "2022.09.03"]
[Round "2"]
[White "Adams, Mark"]
[Black "Probert, Malcolm"]
[Result "1-0"]
[WhiteElo "1877"]
[BlackElo "1573"]
[PlyCount "83"]
[EventDate "2022.09.02"]
[EventType "swiss"]
[EventRounds "5"]
[EventCountry "WLS"]
[SourceTitle "EXT 2024"]
[Source "ChessBase"]
[SourceDate "2023.10.10"]
[SourceVersion "1"]
[SourceVersionDate "2023.10.10"]
[SourceQuality "1"]

1. e4 c6 2. d4 d5 3. e5 Na6 4. c3 Nc7 5. Bd3 g6 6. Ne2 Bg7 7. Nd2 Nh6 8. Nf3 Bf5 9. Ng3 Qd7 10. 0-0 Bxd3 11. Qxd3 Nf5 12. Bd2 h5 13. h3 Nh6 14. Ng5 Ne6 15. f4 0-0-0 16. f5 Nxg5 17. Bxg5 Nxf5 18. Nxf5 gxf5 19. Qxf5 Qxf5 20. Rxf5 f6 21. exf6 exf6 22. Bxf6 Bxf6 23. Rxf6 Rde8 24. Raf1 h4 25. R6f4 Re2 26. R1f2 Re3 27. Rf8+ Rxf8 28. Rxf8+ Kc7 29. Kf2 Rd3 30. Re8 Kd7 31. Re2 Kd6 32. Ke1 Rg3 33. Kd2 Kd7 34. a4 a5 35. Ke1 b6 36. Kf1 Rd3 37. Rf2 Rd1+ 38. Ke2 Rb1 39. Kf3 Re1 40. Kg4 Re4+ 41. Rf4 Ke6 42. Kf3 1-0

[Event "South Wales op 17th"]
[Site "Bridgend"]
[Date "2022.07.11"]
[Round "8"]
[White "Dixon, Chris"]
[Black "Probert, Malcolm"]
[Result "0-1"]
[WhiteElo "1696"]
[BlackElo "1572"]
[PlyCount "67"]
[EventDate "2022.07.07"]
[EventType "swiss"]
[EventRounds "9"]
[EventCountry "WLS"]
[SourceTitle "CBM 209 Extra"]
[Source "ChessBase"]
[SourceDate "2022.09.30"]
[SourceVersion "1"]
[SourceVersionDate "2022.09.30"]
[SourceQuality "1"]

1. e4 c6 2. d4 d5 3. exd5 cxd5 4. Bd3 Nc6 5. c3 g6 6. Bf4 Bg7 7. Nd2 Nh6 8. h4 Bf5 9. Bxf5 Nxf5 10. g4 Nh6 11. Qe2 Qd7 12. Bxh6 Bxh6 13. g5 Bg7 14. 0-0-0 0-0-0 15. Ngf3 Rhe8 16. Nb3 e5 17. Qb5 Qc7 18. dxe5 a6 19. Qa4 Nxe5 20. Nxe5 Rxe5 21. Nd4 Re4 22. Qc2 Kb8 23. Kb1 Rc8 24. Qd2 Qb6 25. f3 Re7 26. Rhe1 Rec7 27. Ka1 Rc4 28. Re2 Bxd4 29. cxd4 Rxd4 30. Qe1 Rdc4 31. Rb1 Qc5 32. Rd2 Rc1 33. Qe5+ Ka8 34. Qd4 0-1

[Event "South Wales op 17th"]
[Site "Bridgend"]
[Date "2022.07.11"]
[Round "7"]
[White "Probert, Malcolm"]
[Black "Gawne, Martin P"]
[Result "1/2-1/2"]
[WhiteElo "1572"]
[BlackElo "1724"]
[PlyCount "70"]
[EventDate "2022.07.07"]
[EventType "swiss"]
[EventRounds "9"]
[EventCountry "WLS"]
[SourceTitle "CBM 209 Extra"]
[Source "ChessBase"]
[SourceDate "2022.09.30"]
[SourceVersion "1"]
[SourceVersionDate "2022.09.30"]
[SourceQuality "1"]

1. Nf3 d5 2. d4 Nf6 3. g3 Bf5 4. Bg2 h6 5. 0-0 e6 6. c4 c6 7. Nc3 Bd6 8. Nd2 Nbd7 9. e4 dxe4 10. Ndxe4 Nxe4 11. Nxe4 Bxe4 12. Bxe4 Nf6 13. Bf3 Rc8 14. Qe2 0-0 15. Rd1 Re8 16. Be3 Bb8 17. Rd3 Rc7 18. Rad1 Rd7 19. Qd2 Qe7 20. a3 Red8 21. Qe2 a6 22. Bg2 Ba7 23. c5 Nd5 24. Bd2 Bb8 25. Ba5 Bc7 26. Bxc7 Nxc7 27. a4 a5 28. Qd2 Na6 29. Qc3 Nb4 30. R3d2 Qg5 31. f4 Qf5 32. Qe3 Nc2 33. Qc3 Nb4 34. Qe3 Nc2 35. Qc3 Nb4 1/2-1/2

[Event "Cardiff Welsh op"]
[Site "Cardiff"]
[Date "2022.04.16"]
[Round "4"]
[White "Frame, Rob"]
[Black "Probert, Malcolm"]
[Result "0-1"]
[WhiteElo "1008"]
[BlackElo "1575"]
[PlyCount "92"]
[EventDate "2022.04.15"]
[EventType "swiss"]
[EventRounds "7"]
[EventCountry "WLS"]
[SourceTitle "CBM 207 Extra"]
[Source "ChessBase"]
[SourceDate "2022.05.31"]
[SourceVersion "1"]
[SourceVersionDate "2022.05.31"]
[SourceQuality "1"]

1. e4 c6 2. d4 d5 3. e5 Na6 4. c4 Nc7 5. Nc3 g6 6. Bg5 Bg7 7. Qd2 h5 8. h4 Nh6 9. a4 Nf5 10. c5 Ne6 11. Nf3 b6 12. b4 bxc5 13. bxc5 Rb8 14. Rb1 Rxb1+ 15. Nxb1 Bb7 16. Be2 Qc8 17. Qd3 0-0 18. Bd2 Qc7 19. Bc3 Nf4 20. Qd2 Bh6 21. Qd1 Nxg2+ 22. Kf1 Nge3+ 23. fxe3 Nxe3+ 24. Kf2 Nxd1+ 25. Bxd1 f6 26. e6 Rb8 27. Rg1 Kh7 28. Bc2 Rg8 29. Bd2 Bxd2 30. Nbxd2 Kh6 31. Nf1 g5 32. Ne3 g4 33. Nf5+ Kh7 34. Nxe7+ Kh8 35. Nxg8 Kxg8 36. Bg6 Qf4 37. Bf7+ Kf8 38. Rg3 Ke7 39. Bxh5 gxf3 40. Rg7+ Kxe6 41. Bf7+ Kf5 42. Bg6+ Kg4 43. Bf7+ Kh3 44. Be6+ Kh2 45. Rg4 Qd2+ 46. Kf1 Qe2# 0-1

[Event "South Wales New Year Major"]
[Site "Bridgend"]
[Date "2020.01.03"]
[Round "1"]
[White "Vetta, Andrew"]
[Black "Probert, Malcolm"]
[Result "1/2-1/2"]
[WhiteElo "1835"]
[BlackElo "1584"]
[PlyCount "186"]
[EventDate "2020.01.03"]
[EventType "swiss"]
[EventRounds "5"]
[EventCountry "WLS"]
[SourceTitle "EXT 2022"]
[Source "ChessBase"]
[SourceDate "2021.10.06"]
[SourceVersion "1"]
[SourceVersionDate "2021.10.06"]
[SourceQuality "1"]

1. c4 c5 2. Nc3 Nc6 3. g3 g6 4. Bg2 Bg7 5. e3 d6 6. Nge2 e5 7. Nd5 Nge7 8. Nec3 a6 9. Qb3 Rb8 10. Qb6 Qxb6 11. Nxb6 0-0 12. Ncd5 Nxd5 13. Nxd5 Be6 14. 0-0 Bxd5 15. Bxd5 Nb4 16. Bg2 Nd3 17. Be4 Nxc1 18. Raxc1 b5 19. cxb5 axb5 20. Rc3 Rfe8 21. Rd3 Kf8 22. Bd5 Ke7 23. e4 f5 24. Rf3 Rf8 25. Ra3 Rbd8 26. Bc6 b4 27. Ra7+ Kf6 28. f4 exf4 29. exf5 gxf5 30. Rxf4 Kg6 31. b3 Bd4+ 32. Kg2 Be5 33. Rc4 Rf7 34. Ra6 Bd4 35. Rc1 Re7 36. Kf3 h5 37. h3 Kg5 38. Rh1 Rf8 39. h4+ Kg6 40. Rh2 Be5 41. Re2 f4 42. g4 hxg4+ 43. Kxg4 Kh6 44. Bd5 Rg7+ 45. Kf3 Rg3+ 46. Ke4 Kh5 47. Ra7 Rh8 48. Rf7 Rg4 49. Rf5+ Kg6 50. h5+ Kg7 51. Rf7+ Kh6 52. Rf5 Rh7 53. Bf7 Rhg7 54. Bg6 Re7 55. Kd5 Rg3 56. Kc6 Ra7 57. d3 Rg7 58. Rfxe5 R7xg6 59. Rf5 R6g5 60. Rxf4 Rxd3 61. Re6+ Kxh5 62. Rxd6 Rxd6+ 63. Kxd6 Rg2 64. Kxc5 Rxa2 65. Kxb4 Kg5 66. Rf8 Ra7 67. Rb8 Rf7 68. Rb5+ Kf6 69. Rc5 Ke7 70. Ka5 Kd6 71. Rc1 Ra7+ 72. Kb6 Ra8 73. Rd1+ Ke7 74. b4 Rb8+ 75. Kc5 Rc8+ 76. Kb5 Rb8+ 77. Kc4 Rc8+ 78. Kb3 Rd8 79. Rc1 Kd7 80. b5 Rc8 81. Rh1 Kc7 82. Rh7+ Kb6 83. Kb4 Rc7 84. Rh6+ Kb7 85. Ka5 Rc8 86. Rh5 Rd8 87. Kb4 Rc8 88. Rc5 Rxc5 89. Kxc5 Kc7 90. b6+ Kb7 91. Kb5 Kb8 92. Kc6 Kc8 93. b7+ Kb8 1/2-1/2

[Event "London Classic op U1825 11th"]
[Site "London"]
[Date "2019.11.30"]
[Round "3"]
[White "Probert, Malcolm"]
[Black "Laczo, Tibor"]
[Result "1/2-1/2"]
[WhiteElo "1587"]
[BlackElo "1572"]
[PlyCount "65"]
[EventDate "2019.11.29"]
[EventType "swiss"]
[EventRounds "5"]
[EventCountry "ENG"]
[SourceTitle "CBM 195 Extra"]
[Source "ChessBase"]
[SourceDate "2020.05.31"]
[SourceVersion "1"]
[SourceVersionDate "2020.05.31"]
[SourceQuality "1"]

1. Nf3 Nc6 2. g3 e5 3. d3 Nf6 4. Bg2 d5 5. 0-0 Be7 6. Nbd2 0-0 7. b3 Re8 8. Bb2 Bf8 9. c4 d4 10. Re1 Bg4 11. h3 Bh5 12. g4 Bg6 13. Nh4 Rb8 14. Nxg6 hxg6 15. a3 a5 16. Nf1 Nh7 17. e3 Bc5 18. e4 Qh4 19. Qe2 Ng5 20. Kh2 f6 21. Nd2 Ne6 22. Nf3 Qh7 23. Bc1 Kf7 24. Rh1 g5 25. Kg1 Nf4 26. Bxf4 exf4 27. h4 Ne5 28. Nxe5+ fxe5 29. hxg5 Qg6 30. f3 Rh8 31. Rxh8 Rxh8 32. a4 Qxg5 33. Qf2 1/2-1/2

[Event "West Wales Major op"]
[Site "Swansea"]
[Date "2019.10.12"]
[Round "2"]
[White "Vesz, Marcell"]
[Black "Probert, Malcolm"]
[Result "1-0"]
[WhiteElo "1561"]
[BlackElo "1541"]
[PlyCount "71"]
[EventDate "2019.10.11"]
[EventType "swiss"]
[EventRounds "5"]
[EventCountry "WLS"]
[SourceTitle "EXT 2022"]
[Source "ChessBase"]
[SourceDate "2021.10.06"]
[SourceVersion "1"]
[SourceVersionDate "2021.10.06"]
[SourceQuality "1"]

1. e4 e6 2. d4 d5 3. e5 Ne7 4. Bg5 Qd7 5. Nf3 b6 6. Bd3 Ba6 7. Bxa6 Nxa6 8. a3 c5 9. Qd3 Nb8 10. c3 Nbc6 11. 0-0 h6 12. Bf4 c4 13. Qe2 Nf5 14. Nbd2 g5 15. Be3 g4 16. Ne1 Nxe3 17. fxe3 h5 18. e4 0-0-0 19. Nc2 Bh6 20. Ne3 Ne7 21. Rxf7 Rdf8 22. Raf1 Qe8 23. R7f6 Kd7 24. exd5 Bxe3+ 25. Qxe3 Nxd5 26. Rxf8 Nxe3 27. R1f7+ Qxf7 28. Rxf7+ Kc6 29. Rxa7 Rf8 30. Re7 Kd5 31. Rd7+ Kc6 32. Rd6+ Kc7 33. Rxe6 b5 34. a4 bxa4 35. Ra6 Nd1 36. Nxc4 1-0

[Event "West Wales Major op"]
[Site "Swansea"]
[Date "2019.10.11"]
[Round "1"]
[White "Probert, Malcolm"]
[Black "Pe, Philip Gregory"]
[Result "0-1"]
[WhiteElo "1541"]
[BlackElo "1789"]
[PlyCount "68"]
[EventDate "2019.10.11"]
[EventType "swiss"]
[EventRounds "5"]
[EventCountry "WLS"]
[SourceTitle "EXT 2022"]
[Source "ChessBase"]
[SourceDate "2021.10.06"]
[SourceVersion "1"]
[SourceVersionDate "2021.10.06"]
[SourceQuality "1"]

1. Nf3 Nf6 2. g3 d5 3. Bg2 g6 4. 0-0 Bg7 5. c4 c6 6. cxd5 cxd5 7. d4 0-0 8. Nc3 Nc6 9. Bf4 Nh5 10. Bg5 h6 11. Be3 Nf6 12. h3 Qb6 13. Qc1 Kh7 14. Ne5 Rd8 15. Nxf7 Rf8 16. Nxh6 Be6 17. Na4 Qd8 18. Nc5 Bc8 19. g4 b6 20. Nd3 Bb7 21. g5 Ne4 22. Nf4 Qd6 23. Nxd5 Qxd5 24. Rd1 Bxh6 25. gxh6 Qf5 26. Qc2 Na5 27. d5 Nf6 28. Qxf5 gxf5 29. d6 Bxg2 30. dxe7 Rg8 31. Rd8 Bc6+ 32. Kf1 Raxd8 33. exd8Q Rxd8 34. Rc1 Nc4 0-1

[Event "WLS-ch Major 65th"]
[Site "Cardiff"]
[Date "2019.04.20"]
[Round "4"]
[White "Thomas, Roy"]
[Black "Probert, Malcolm"]
[Result "1-0"]
[WhiteElo "1737"]
[BlackElo "1585"]
[PlyCount "73"]
[EventDate "2019.04.19"]
[EventType "swiss"]
[EventRounds "7"]
[EventCountry "WLS"]
[SourceTitle "CBM 190 Extra"]
[Source "ChessBase"]
[SourceDate "2019.07.15"]
[SourceVersion "1"]
[SourceVersionDate "2019.07.15"]
[SourceQuality "1"]

1. f4 g6 2. Nf3 Bg7 3. e4 c6 4. Be2 d5 5. e5 h5 6. 0-0 Nh6 7. d4 Bg4 8. Nbd2 Nf5 9. Nb3 Nd7 10. Ng5 Bxe2 11. Qxe2 e6 12. Bd2 Qb6 13. Ba5 Qb5 14. Qd2 b6 15. a4 Qa6 16. Bb4 Rc8 17. a5 Qb7 18. axb6 axb6 19. Qf2 Bf8 20. Bxf8 Kxf8 21. h3 c5 22. c3 c4 23. Nd2 h4 24. Ra2 Ra8 25. Rfa1 Rxa2 26. Rxa2 Ke7 27. Ndf3 b5 28. Qe1 Nb8 29. Qa1 Nc6 30. Ra6 Kf8 31. Qa3+ Kg7 32. Qa1 Nd8 33. Ra7 Qb6 34. Nh2 Nc6 35. Rxf7+ Kh6 36. Ng4+ Kh5 37. Nxe6 1-0

[Event "WLS-ch Major 65th"]
[Site "Cardiff"]
[Date "2019.04.19"]
[Round "2"]
[White "Fox, Chris"]
[Black "Probert, Malcolm"]
[Result "1/2-1/2"]
[WhiteElo "1685"]
[BlackElo "1585"]
[PlyCount "133"]
[EventDate "2019.04.19"]
[EventType "swiss"]
[EventRounds "7"]
[EventCountry "WLS"]
[SourceTitle "CBM 190 Extra"]
[Source "ChessBase"]
[SourceDate "2019.07.15"]
[SourceVersion "1"]
[SourceVersionDate "2019.07.15"]
[SourceQuality "1"]

1. d4 d5 2. Nf3 Nf6 3. Bf4 g6 4. Nc3 a6 5. e3 Bg7 6. Be2 Nbd7 7. h3 c5 8. Ne5 cxd4 9. exd4 0-0 10. 0-0 e6 11. Qd2 Nxe5 12. Bxe5 Nd7 13. Bxg7 Kxg7 14. Bf3 Qc7 15. Rfe1 b5 16. a3 Bb7 17. Rad1 Rac8 18. Re2 Nb6 19. Qc1 Nc4 20. Rd3 Nd6 21. Qf4 Nc4 22. Qxc7 Rxc7 23. Nd1 Rfc8 24. c3 a5 25. Ne3 Nb6 26. Rd1 Ba6 27. Red2 Nc4 28. Nxc4 bxc4 29. Re1 Rb8 30. Bd1 Rcb7 31. Ree2 Rb6 32. f4 Kf6 33. Kf2 Ke7 34. g4 f5 35. Kg3 fxg4 36. hxg4 Kf6 37. g5+ Kg7 38. Rh2 Rh8 39. Bg4 Bc8 40. Rhe2 Kf7 41. Re5 Bd7 42. Rde2 Re8 43. Kf3 Kf8 44. Rh2 Kg7 45. Ree2 Kg8 46. Kg3 Kg7 47. Rh6 Kg8 48. f5 exf5 49. Rxe8+ Bxe8 50. Bxf5 Rxb2 51. Be6+ Kg7 52. Bxd5 Rb3 53. Rh2 Rxc3+ 54. Kf4 Rxa3 55. Rc2 Ra4 56. Rxc4 Rxc4 57. Bxc4 Bf7 58. d5 h5 59. gxh6+ Kxh6 60. d6 Be8 61. Be6 a4 62. d7 Bxd7 63. Bxd7 a3 64. Be6 Kh5 65. Bf7 Kh4 66. Kf3 g5 67. Kg2 1/2-1/2

[Event "London Classic U1825 op 10th"]
[Site "London"]
[Date "2018.12.14"]
[Round "1"]
[White "Maraiyesa, Seun Wole"]
[Black "Probert, Malcolm"]
[Result "1-0"]
[WhiteElo "1758"]
[BlackElo "1620"]
[PlyCount "39"]
[EventDate "2018.12.14"]
[EventType "swiss"]
[EventRounds "5"]
[EventCountry "ENG"]
[SourceTitle "CBM 187 Extra"]
[Source "ChessBase"]
[SourceDate "2018.11.04"]
[SourceVersion "1"]
[SourceVersionDate "2018.11.04"]
[SourceQuality "1"]

1. e4 g6 2. d4 Bg7 3. Nc3 c6 4. Be3 d5 5. Qd2 h5 6. 0-0-0 Nh6 7. f3 Na6 8. Kb1 Nc7 9. h4 dxe4 10. fxe4 Bg4 11. Nf3 e6 12. Be2 Bxf3 13. gxf3 Qd7 14. Bg5 Ng8 15. Qe3 Bh6 16. d5 Bxg5 17. hxg5 0-0-0 18. dxc6 Qxc6 19. Rxd8+ Kxd8 20. Qd4+ 1-0

[Event "South Wales Autumn Premier"]
[Site "Newport"]
[Date "2018.11.17"]
[Round "3"]
[White "Probert, Malcolm"]
[Black "Lutchman Singh, Karanvir"]
[Result "1/2-1/2"]
[WhiteElo "1622"]
[BlackElo "1606"]
[PlyCount "45"]
[EventDate "2018.11.16"]
[EventType "swiss"]
[EventRounds "5"]
[EventCountry "WLS"]
[SourceTitle "EXT 2020"]
[Source "ChessBase"]
[SourceDate "2019.10.17"]
[SourceVersion "1"]
[SourceVersionDate "2019.10.17"]
[SourceQuality "1"]

1. Nf3 Nf6 2. g3 g6 3. b3 Bg7 4. Bb2 d5 5. c4 c6 6. Bg2 0-0 7. 0-0 Bg4 8. h3 Bd7 9. d3 Qc8 10. Kh2 Qc7 11. d4 Ne4 12. Nbd2 Nd6 13. cxd5 cxd5 14. Rc1 Nc6 15. Ne5 e6 16. Ndf3 Qd8 17. Nxc6 Bxc6 18. Ne5 Rc8 19. Nxc6 bxc6 20. Qd3 Qb6 21. Ba3 Rfd8 22. Bc5 Qc7 23. e3 1/2-1/2

[Event "Tom Weston Major op"]
[Site "Cardiff"]
[Date "2018.03.30"]
[Round "2"]
[White "Fraser, Susanna"]
[Black "Probert, Malcolm"]
[Result "0-1"]
[WhiteElo "1486"]
[BlackElo "1620"]
[PlyCount "46"]
[EventDate "2018.03.30"]
[EventType "swiss"]
[EventRounds "7"]
[EventCountry "WLS"]
[SourceTitle "EXT 2020"]
[Source "ChessBase"]
[SourceDate "2019.10.17"]
[SourceVersion "1"]
[SourceVersionDate "2019.10.17"]
[SourceQuality "1"]

1. d4 g6 2. c4 Bg7 3. Nf3 d6 4. g3 e5 5. Bg2 e4 6. Ng5 f5 7. 0-0 Nf6 8. Nc3 0-0 9. c5 d5 10. b3 c6 11. Nh3 h6 12. e3 Qe8 13. Nf4 g5 14. Nfe2 Qh5 15. h3 f4 16. exf4 Bxh3 17. Be3 Ng4 18. Re1 Bxg2 19. Kxg2 Qh2+ 20. Kf1 Qh3+ 21. Kg1 Nh2 22. f3 exf3 23. Nc1 Qg2# 0-1

[Event "Dyfed op 47th"]
[Site "Fishguard"]
[Date "2018.02.18"]
[Round "5"]
[White "Leah, Howard"]
[Black "Probert, Malcolm"]
[Result "1/2-1/2"]
[WhiteElo "1467"]
[BlackElo "1601"]
[PlyCount "43"]
[EventDate "2018.02.16"]
[EventType "swiss"]
[EventRounds "5"]
[EventCountry "WLS"]
[SourceTitle "EXT 2020"]
[Source "ChessBase"]
[SourceDate "2019.10.17"]
[SourceVersion "1"]
[SourceVersionDate "2019.10.17"]
[SourceQuality "1"]

1. e4 g6 2. d4 Bg7 3. Nf3 c6 4. Bd3 d5 5. e5 Nh6 6. 0-0 0-0 7. Re1 Bg4 8. Nbd2 f6 9. e6 Qc8 10. Qe2 b6 11. h3 Bf5 12. c4 Na6 13. cxd5 Bxd3 14. Qxd3 cxd5 15. b3 Nc7 16. Ba3 Re8 17. Rac1 Qb7 18. Nh4 Rac8 19. Nf1 Bf8 20. Ng3 Qa6 21. Qxa6 Nxa6 22. Nf3 1/2-1/2